Piłkarze Wisły Kraków po numerach 25/26 - Statystyki

Ogólne statystyki
  • Ten quiz został rozwiązany 19 razy
  • Średni wynik to 15 z 32
Statystyki odpowiedzi
Wskazówka Odpowiedź % Poprawnych
9 Angel Rodado
100%
51 Maciej Kuziemka
77%
4 Rafał Mikulec
77%
56 Filip Baniowski
69%
5 Joseph Colley
69%
41 Kacper Duda
69%
1 Kamil Broda
69%
52 Jakub Krzyżanowski
62%
12 James Igbekeme
62%
28 Patryk Letkiewicz
62%
6 Alan Uryga
54%
10 Frederico Duarte
54%
8 Marc Carbo
54%
97 Wiktor Biedrzycki
54%
20 Ervin Omic
46%
2 Julian Lelieveld
46%
7 Julius Ertlhaler
46%
50 Mariusz Kutwa
46%
34 Raoul Giger
46%
31 Anton Chichkan
38%
25 Bartosz Jaroch
38%
29 Darijo Grujcic
38%
17 Marko Bozic
38%
26 Igor Łasicki
38%
57 Szymon Kawała
38%
15 Wiktor Staszak
38%
19 Olivier Sukiennicki
23%
22 Piotr Starzyński
23%
11 Ardit Nikaj
15%
18 Bartosz Talar
15%
75 Kacper Skrobański
15%
80 Dawid Olejarka
8%
Nie znaleziono quizów pasujących do podanych kryteriów
Rozkład punktacji
Procent ludzi z każdym wynikiem
Percentyl według liczby udzielonych odpowiedzi
Twoja historia wyników
Nie rozwiązałeś tego quizu